Đề kiểm tra theo chuẩn kiến thức, kĩ năng lịch sử 10

Nội dung sách cung cấp cho bạn đọc các kỹ năng và những kiến thức cơ bản về cách học môn lịch sử 10.

Đã lưu trong:
書目詳細資料
主要作者: Nguyễn, Xuân Trường
格式: 圖書
語言:Undetermined
出版: Hà Nội Giáo dục 2011
主題:
標簽: 添加標簽
沒有標簽, 成為第一個標記此記錄!
Thư viện lưu trữ: Trung tâm Học liệu Trường Đại học Cần Thơ
LEADER 00851nam a2200217Ia 4500
001 CTU_182539
008 210402s9999 xx 000 0 und d
020 |c 23500 
082 |a 907.12 
082 |b Tr561 
100 |a Nguyễn, Xuân Trường 
245 0 |a Đề kiểm tra theo chuẩn kiến thức, kĩ năng lịch sử 10 
245 0 |c Nguyễn Xuân Trường, Ngô Thị Hiền Thuý 
260 |a Hà Nội 
260 |b Giáo dục 
260 |c 2011 
520 |a Nội dung sách cung cấp cho bạn đọc các kỹ năng và những kiến thức cơ bản về cách học môn lịch sử 10. 
650 |a History,Lịch sử 
650 |x Study and teaching,Học và giảng dạy 
904 |i Tuyến 
980 |a Trung tâm Học liệu Trường Đại học Cần Thơ